000 00353nam a2200145Ia 4500
008 210210b1993 xxu||||| |||| 00| 0 eng d
082 _a658 RAMB
100 _aRAMAN (B S)
245 _aBusiness management
260 _aMangalore
_bUnited publishers
_c1993
300 _a453
650 _aBusiness management
690 _aManagement
906 _a049131
999 _c97788
_d97788